000 01111nam2a22002531 4500
001 rc\4580127
005 20250611200848.0
021 _aRU
_b[58-29595]
035 _a(NLR Aleph) 008378458
090 _a9102653
_c9102653
100 _a20130416d1958 |||y0rusy50 ca
101 1 _arus
_cger
102 _aRU
105 _ay z |||||
200 1 _aБольшое дело
_aСерьезная жизнь
_e[Романы
_fПримеч. И. Генс]
210 _d1958
_aБ. м.
215 _a539 с.
461 0 _1001rc\4580122
_12001#$aСочинения$eВ 8 т.$eПер. с нем.$fПод ред. Г.Н. Знаменского и др.$gВступ. статья И.В. Миримского, с. 5-53]. Т. 1-$vТ. 5
_1700#1$aМанн$bГ.$f1871-1950$gГенрих
_99102624
_aМанн, Г. (1871-1950)
_cМосква
_d1957
_fПод ред. Г.Н. Знаменского и др.
_nГослитиздат
_oВ 8 т. : Пер. с нем.
_tСочинения
_vТ. 5
702 1 _aГенс
_bИ.
_4212
801 0 _aRU
_bNLR
_gpsbo
801 1 _aRU
_bELAR
_2rusmarc
852 _aNLR
_j57-3/4022
942 _cBOOK
980 _aNB